Sborník Vysoké školy chemicko-technologické v Praze 1988. G 23 Mineralogie

Enregistré dans:
Détails bibliographiques
Format: Livre
Publié: Praha : Státní pedagogické nakladatelství, 1988
Tags: Ajouter un tag
Pas de tags, Soyez le premier à ajouter un tag!

MARC

LEADER 00000nam a22000003a 4500
001 stu16789
005 20150408181638.0
008 ------s1988----cs----------------------d
040 |a STU  |b slo 
041 0
044 |a cs 
080 |a 549:001.5(082.1) 
245 |a Sborník Vysoké školy chemicko-technologické v Praze 1988. G 23 Mineralogie 
260 |a Praha :  |b Státní pedagogické nakladatelství,  |c 1988 
300 |a 119 s :  |b Obrázky 
996 |b CK387  |c C*K387  |l CCI  |s A  |a 24  |w stu16789_0001